Značka jako nehmotný majetek firem a oceňovací praxe na českém trhu

Prehľad metód oceňovania ochranných značiek na českom trhu. Oceňovanie pomocou Medzinárodných štandardov. Vybrané aspekty praktického oceňovania.

Enregistré dans:
Détails bibliographiques
Auteur principal: Harantová, Monika
Autres auteurs: Hesková, Marie
Format: Chapitre de livre
Langue:tchèque
Sujets:
Tags: Ajouter un tag
Pas de tags, Soyez le premier à ajouter un tag!

MARC

LEADER 00000naa a2200000 4500
001 0195175
005 20220722104314.2
041 0 |a cze 
044 |a SK 
245 1 0 |a Značka jako nehmotný majetek firem a oceňovací praxe na českém trhu  |c Monika Harantová, Marie Hesková 
520 |a Prehľad metód oceňovania ochranných značiek na českom trhu. Oceňovanie pomocou Medzinárodných štandardov. Vybrané aspekty praktického oceňovania. 
610 2 0 |a Česko 
610 2 0 |a oceňovanie 
610 2 0 |a štandardy ohodnocovacie medzinárodné 
610 2 0 |a majetok nehmotný 
610 2 0 |a známky ochranné 
100 1 |a Harantová, Monika 
700 1 |a Hesková, Marie